000 00252nam a2200097Ia 4500
008 190216s9999||||xx |||||||||||||| ||und||
100 _a"Kapil Pn, Khanna S, Kapila B&Amp; Arora Op"
245 0 _aCeee Guide
260 _bS Dihesh & Co
_c1998
942 _cREF
999 _c36365
_d36365